| 000 | 00435nam a2200157Ia 4500 | ||
|---|---|---|---|
| 008 | 210716s2013 xx 000 0 und d | ||
| 020 | _a9789350042489 | ||
| 041 | _aeng | ||
| 082 | _a658.8 ANAV | ||
| 100 | _aAnand, Vijay Prakash. | ||
| 245 |
_aMarketing management: an indian perspective. _bIndian perspective. |
||
| 250 | _a1 | ||
| 260 |
_aNew Delhi _bDreamtech Press _c2013 |
||
| 300 | _axxv,333 | ||
| 650 | _aMarketing Management | ||
| 999 |
_c208982 _d208982 |
||